000 01174cam a22003497a 4500
003 CHAP
005 20220817043815.0
008 010920d2001 mx r 00110 spa d
010 _a84957
011 _a85929
035 _a96467
040 _cCHAP
090 _aTesis
100 0 0 _aChaparro Sánchez, Roberto.
_921888
245 1 3 _aLa función de CONASUPO en la sociedad capitalista
_c/por Roberto Chaparro Sánchez
260 _aMéxico, D.F. :
_bEl autor,
_c1977.
300 _a164 h.
502 _aTesis (Lic. en Derecho) -- Universidad Nacional Autónoma de México. Facultad de Derecho
590 _aALEPH
_b10
_c20130110
_lUCH01
_h1444
590 _aBATCH-UPD
_b10
_c20130110
_lUCH01
_h0624
590 _aBATCH-UPD
_b10
_c20130410
_lUCH01
_h0307
590 _aBATCH-UPD
_b10
_c20130914
_lUCH01
_h0201
590 _aCONVERSION
_b10
_c20130109
_lUCH01
_h1347
650 1 4 _aAlimentos
_xAbastecimiento.
650 1 4 _aClases sociales.
_923673
650 1 4 _aControl de precios.
_927602
650 1 4 _aGrupos sociales.
_950918
901 _aBK
905 _aAlejandra Carrasco M.
942 _cTESIS
949 _aTesis
_bBC
_cTES
_d33724000856498
_eTS1
_h38599
_i96467
_kDon.
_sb
999 _c84957
_d84957